Statistics for Ten largest Canadian islands not in Nunavut

Click here to take the quiz!

General Stats

  • This quiz has been taken 24 times
  • The average score is 6 of 10

Answer Stats

RankProvince/TerritoryArea (sqkm)Island% Correct
1.Newfoundland and Labrador108,860Newfoundland
100%
3.British Colombia31,285Vancouver Island
92%
2.Northwest Territories70,028Banks Island
79%
8.Prince Edward Island5,620Prince Edward Island
75%
6.Quebec7,941Anticosti Island
67%
5.Nova Scotia10,311Cape Breton Island
67%
7.British Colombia6,361Graham Island
42%
9.Ontario2,766Manitoulin Island
42%
10.British Colombia2,608Moresby Island
33%
4.Northwest Territories15,848Prince Patrick Island
29%

Score Distribution

Percentile by Number Answered

Percent of People with Each Score

Your Score History

You have not taken this quiz